000 00259nam a2200097 a 4500
005 20200930080314.0
008 120328s1969 000 spa d
245 0 _athe unites states and latin america, 1933-1968 :.
260 _aLondon,
_c1969.
999 _c36834
_d36834
040 _aDO-SdBNP